| 000 | 00712nam a2200229 a 4500 | ||
|---|---|---|---|
| 005 | 20140310183607.0 | ||
| 008 | 120625s19uu xx 00 eng d | ||
| 020 | _a9780324378832 | ||
| 050 |
_aHF 5679 _b.G317 2008 |
||
| 100 | _aGelinas, Ulric J., Jr. | ||
| 245 |
_aAccounting information systems / _cUlric J. Gelinas, Jr., Richard B. Dull. |
||
| 260 |
_aMason, Ohio : _bThomson/South-Western, _c2008. |
||
| 300 |
_a658 p. : _bill. col. ; _c26 cm. |
||
| 440 | _a7th ed | ||
| 500 | _aIncludes index | ||
| 521 | _aBSA | ||
| 650 |
_aAccounting _xData processing |
||
| 650 |
_aInformation storageand retrieval systems _xAccounting |
||
| 700 | _aDull, Richard B. | ||
| 942 |
_cBK _2lcc _kFOR |
||
| 999 |
_c25189 _d25189 |
||